The Electronics Problem Solver (Record no. 317596)

000 -LEADER
fixed length control field 00340 a2200133 4500
001 - CONTROL NUMBER
control field 82523
020 ## - INTERNATIONAL STANDARD BOOK NUMBER
International Standard Book Number 0-87891-543-5
082 ## - DEWEY DECIMAL CLASSIFICATION NUMBER
Classification number 621.381 FOG
090 ## - LOCALLY ASSIGNED LC-TYPE CALL NUMBER (OCLC); LOCAL CALL NUMBER (RLIN)
-- 39952
-- 39952
100 ## - MAIN ENTRY--PERSONAL NAME
Personal name Fogiel M
245 ## - TITLE STATEMENT
Title The Electronics Problem Solver
Remainder of title Problem Solver
260 ## - PUBLICATION, DISTRIBUTION, ETC.
Place of publication, distribution, etc. New Jersy
Name of publisher, distributor, etc. Research And Eduction Association
300 ## - PHYSICAL DESCRIPTION
Extent 1298P.
942 ## - ADDED ENTRY ELEMENTS (KOHA)
Institution code [OBSOLETE] CAENUST
Call number prefix 621.381 FOG
Holdings
Withdrawn status Lost status Damaged status Not for loan Collection code Permanent Location Current Location Date acquired Total Checkouts Full call number Barcode Date last seen Price effective from Koha item type
          College of Aeronautical Engineering (CAE) College of Aeronautical Engineering (CAE) 04/03/2017   621.381 FOG CAEG-2835 04/05/2017 04/05/2017 Book
© 2023 Central Library, National University of Sciences and Technology. All Rights Reserved.